日本近现代年号Era Names of Japan 1868-2025 - Statistics

General Stats
  • This quiz has been taken 41 times
  • The average score is 5 of 5
Answer Stats
起止时间 年号 % Correct
1868-1912 明治
95%
1926-1989 昭和
95%
1989-2019 平成
92%
1912-1926 大正
86%
2019至今 令和
86%
No matching quizzes found
Score Distribution
Percent of People with Each Score
Percentile by Number Answered
Your Score History
You have not taken this quiz